|
|
|
|
| LEADER |
00000cam a2200000 7i4500 |
| 001 |
0000008494 |
| 005 |
20080828.0 |
| 008 |
070917 |
| 020 |
|
|
|a 0552151696
|
| 090 |
0 |
0 |
|a BRO
|b ENG
|
| 100 |
1 |
|
|a Brown, Dan
|
| 245 |
1 |
0 |
|a Digital fortress
|c Dan Brown
|
| 260 |
|
|
|a London :
|b Corgi Books ,
|c 1998
|
| 650 |
|
0 |
|a Computer security
|x fiction
|
| 650 |
|
0 |
|a Cryptographers
|x fiction
|
| 650 |
|
0 |
|a Intelligence officers
|z United States
|
| 999 |
|
|
|a 0000992428
|b Book
|c Adult Collection
|e Perbadanan Perpustakaan Awam Johor
|
| 999 |
|
|
|a 0000992429
|b Book
|c Adult Collection
|e Perbadanan Perpustakaan Awam Johor
|
| 999 |
|
|
|a 0001036694
|b Book
|c Adult Collection
|e Perbadanan Perpustakaan Awam Johor
|